Capitales de Provincia Españolas por antiguedad - Estadísticas

Estadísticas generales
  • Esta prueba ha sido intentada 51 veces
  • La puntuación promedio es 45 de 52
Estadísticas de respuestas
Fundación Capital % Correcto
955 Almería
95%
Siglo X A.C Jaén
95%
Siglo IX Madrid
95%
49 A.C Sevilla
95%
192 A.C Toledo
95%
231 A.C Alicante
93%
1104 A.C Cádiz
93%
169 A.C Córdoba
93%
781 Oviedo
93%
Siglo III A.C Tarragona
93%
Siglo XII Albacete
91%
875 Badajoz
91%
Siglo VI A.C Barcelona
91%
34 A.C Cáceres
91%
784 Cuenca
91%
Siglo X A.C Huelva
91%
Siglo II A.C Huesca
91%
29 A.C León
91%
Siglo VI A.C Lérida
91%
Siglo I A.C Lugo
91%
1169 Pontevedra
91%
138 A.C Valencia
91%
884 Burgos
89%
Siglo VIII Guadalajara
89%
1208 La Coruña
89%
825 Murcia
89%
1122 Orense
89%
123 A.C Palma de Mallorca
89%
1171 Teruel
89%
Siglo V A.C Ávila
86%
1300 Bilbao
86%
79 A.C Gerona
86%
Siglo III A.C Palencia
86%
Siglo IX A.C Salamanca
86%
Siglo I A.C Segovia
86%
1119 Soria
86%
Siglo III A.C Zaragoza
86%
1251 Castellón de La Plana
84%
1255 Ciudad Real
84%
1180 Donostia / San Sebastián
84%
1478 Las Palmas de Gran Canaria
84%
Siglo VIII A.C Málaga
84%
74 A.C Pamplona / Iruña
82%
26 A.C Santander
82%
1494 Santa Cruz de Tenerife
80%
1181 Vitoria-Gasteiz
80%
Siglo VII A.C Granada
77%
1072 Valladolid
77%
Siglo III A.C Zamora
77%
Siglo VII A.C Ceuta
75%
1095 Logroño
75%
1497 Melilla
73%
No se encontraron pruebas coincidentes
Distribución de puntuación
Porcentaje de gente con cada puntuación
Porcentaje por número respondido
Historial de tus puntuaciones
No has intentado esta prueba.